So you want to...store caravans? (Record no. 74997)
[ view plain ]
| 000 -LEADER | |
|---|---|
| fixed length control field | 01082cab a2200205 4500 |
| 001 - CONTROL NUMBER | |
| control field | ABS68875 |
| 008 - FIXED-LENGTH DATA ELEMENTS--GENERAL INFORMATION | |
| fixed length control field | 050331n2005 000 0 eng u |
| 035 ## - SYSTEM CONTROL NUMBER | |
| System control number | (Sirsi) u129202 |
| 100 ## - MAIN ENTRY--PERSONAL NAME | |
| Personal name | Cousins, D. |
| 245 ## - TITLE STATEMENT | |
| Title | So you want to...store caravans? |
| 260 ## - PUBLICATION, DISTRIBUTION, ETC. | |
| Date of publication, distribution, etc. | 2005 |
| 490 ## - SERIES STATEMENT | |
| Series statement | Farmers' Weekly |
| Volume/sequential designation | 142 (10) 11-17 March 2005, 76-77(2) |
| 520 ## - SUMMARY, ETC. | |
| Summary, etc. | Looks at caravan storage and running a small caravan site in the first of a new series on different types of diversification for the farming community. Covers key issues such as planning permission, business rates, security, insurance, costs and revenues and tips on labour requirements, National Caravan Council Caravan Registration and Insurance Scheme (CRIS) numbers and caravan inspection. Discusses the concept of certificated locations and the possibility of starting bigger caravan sites and suggests joining the Caravan Storage Site Owners Association. |
| 590 ## - LOCAL NOTE (RLIN) | |
| Local note | ABS |
| 650 ## - SUBJECT ADDED ENTRY--TOPICAL TERM | |
| Topical term or geographic name entry element | CARAVANS |
| 650 ## - SUBJECT ADDED ENTRY--TOPICAL TERM | |
| Topical term or geographic name entry element | CARAVAN SITES |
| 650 ## - SUBJECT ADDED ENTRY--TOPICAL TERM | |
| Topical term or geographic name entry element | FARM DIVERSIFICATION |
| 690 ## - LOCAL SUBJECT ADDED ENTRY--TOPICAL TERM (OCLC, RLIN) | |
| Topical term or geographic name as entry element | RURAL-FARM BUSINESS MANAGEMENT |
| 942 ## - ADDED ENTRY ELEMENTS (KOHA) | |
| Suppress in OPAC | 0 |
| Withdrawn status | Lost status | Source of classification or shelving scheme | Damaged status | Not for loan | Home library | Current library | Shelving location | Date acquired | Total Checkouts | Full call number | Barcode | Date last seen | Copy number | Price effective from | Koha item type |
|---|---|---|---|---|---|---|---|---|---|---|---|---|---|---|---|
| Dewey Decimal Classification | London | London | Journal article | 31/03/2005 | ABS68875 | 129202-1001 | 06/08/2019 | 1 | 06/08/2019 | Journal article |